header

The human condition (Record no. 133812)

MARC details
000 -LEADER
fixed length control field 01782nam a2200385 a 4500
245 14 - TITLE STATEMENT
Title The human condition
260 ## - PUBLICATION, DISTRIBUTION, ETC. (IMPRINT)
Place of publication Washington, D.C. :
Name of publisher National Academies Press,
Year of publication 2010.
300 ## - PHYSICAL DESCRIPTION
Number of Pages xvi, 411 p. :
Other physical details ill., port.
490 0# - SERIES STATEMENT
Series statement In the light of evolution ;
505 0# - FORMATTED CONTENTS NOTE
Formatted contents note pt. 1. Human phylogenetic history and the paleontological record -- pt. 2. Structure and function of the human genome -- pt. 3. Cultural evolution and the uniqueness of being human.
650 #0 - SUBJECT ADDED ENTRY--TOPICAL TERM
Topical Term Evolution (Biology)
700 1# - ADDED ENTRY--PERSONAL NAME
Personal name Avise, John C.
Personal name Ayala, Francisco J.
856 40 - ELECTRONIC LOCATION AND ACCESS
Uniform Resource Identifier http://site.ebrary.com/lib/rucke/Doc?id=10439401

No items available.

© 2026 Rongo University
Contact us: librarian | system librarian | Rongo university